00349pab a2200121 454500008004000000100001500040245006800055260000900123300001000132362001400142650002500156773004600181180718b1987 xxu||||| |||| 00| 0 eng d aOm Prakash aOpium monopoly in India and Indonesia in the eighteenth century c1987 a63-80 aJan.-Mar. aFarm Produce - India aIndian Economic and Social History Review